NASCAR pop-up : (Record no. 8127)

MARC details
000 -LEADER
fixed length control field 01625cam a22003854a 4500
001 - CONTROL NUMBER
control field 8127
003 - CONTROL NUMBER IDENTIFIER
control field FISKH
005 - DATE AND TIME OF LATEST TRANSACTION
control field 20250905122530.0
008 - FIXED-LENGTH DATA ELEMENTS--GENERAL INFORMATION
fixed length control field 081119s2009 utua j 000 0 eng
010 ## - LIBRARY OF CONGRESS CONTROL NUMBER
LC control number 2008049632
020 ## - INTERNATIONAL STANDARD BOOK NUMBER
International Standard Book Number 9781423604914
020 ## - INTERNATIONAL STANDARD BOOK NUMBER
International Standard Book Number 9781423604914
020 ## - INTERNATIONAL STANDARD BOOK NUMBER
International Standard Book Number 1423604911
040 ## - CATALOGING SOURCE
Original cataloging agency DLC
Transcribing agency DLC
Modifying agency DLC
Language of cataloging eng
050 00 - LIBRARY OF CONGRESS CALL NUMBER
Classification number GV1029.9.S74
Item number B57 2009
082 00 - DEWEY DECIMAL CLASSIFICATION NUMBER
Classification number 796.72
Edition number 22
100 1# - MAIN ENTRY--PERSONAL NAME
Personal name Blakemore, Sally.
245 10 - TITLE STATEMENT
Title NASCAR pop-up :
Remainder of title a guide to the sport /
Statement of responsibility, etc. Sally Blakemore ; illustrations by Doug Chezem.
260 ## - PUBLICATION, DISTRIBUTION, ETC.
Place of publication, distribution, etc. Layton, Utah :
Name of publisher, distributor, etc. Gibbs Smith,
Date of publication, distribution, etc. 2009.
300 ## - PHYSICAL DESCRIPTION
Extent 10 unnumbered pages :
Other physical details color illustrations ;
Dimensions 26 cm.
336 ## - CONTENT TYPE
Content type term text
Content type code txt
Source rdacontent
337 ## - MEDIA TYPE
Media type term unmediated
Media type code n
Source rdamedia
338 ## - CARRIER TYPE
Carrier type term volume
Carrier type code nc
Source rdacarrier
520 ## - SUMMARY, ETC.
Summary, etc. With more than 25 pop-ups, pull tabs, and moveable parts, as well as 75 full-color illustrations and a 12-second sound chip, NASCAR Pop-Up is THE ultimate interactive guide to the sport.
650 #0 - SUBJECT ADDED ENTRY--TOPICAL TERM
Topical term or geographic name entry element Stock car racing
Form subdivision Juvenile literature.
650 #0 - SUBJECT ADDED ENTRY--TOPICAL TERM
Topical term or geographic name entry element Stock cars (Automobiles)
Form subdivision Juvenile literature.
650 #0 - SUBJECT ADDED ENTRY--TOPICAL TERM
Topical term or geographic name entry element Toy and movable books
Form subdivision Specimens.
655 #7 - INDEX TERM--GENRE/FORM
Genre/form data or focus term Literature.
Source of term lcgft
Authority record control number or standard number https://id.loc.gov/authorities/genreForms/gf2014026415
856 42 - ELECTRONIC LOCATION AND ACCESS
Materials specified Contributor biographical information
Uniform Resource Identifier <a href="http://www.loc.gov/catdir/enhancements/fy0908/2008049632-b.html">http://www.loc.gov/catdir/enhancements/fy0908/2008049632-b.html</a>
856 42 - ELECTRONIC LOCATION AND ACCESS
Materials specified Publisher description
Uniform Resource Identifier <a href="http://www.loc.gov/catdir/enhancements/fy0908/2008049632-d.html">http://www.loc.gov/catdir/enhancements/fy0908/2008049632-d.html</a>
906 ## - LOCAL DATA ELEMENT F, LDF (RLIN)
a 7
b cbc
c orignew
d 1
e ecip
f 20
g y-gencatlg
942 ## - ADDED ENTRY ELEMENTS (KOHA)
Source of classification or shelving scheme Dewey Decimal Classification
Koha item type Books
Suppress in OPAC No
Holdings
Withdrawn status Lost status Source of classification or shelving scheme Damaged status Not for loan Collection Home library Current library Shelving location Date acquired Total Checkouts Full call number Barcode Date last seen Copy number Price effective from Koha item type Date last checked out
    Dewey Decimal Classification     Non-Fiction Footprints International School Library Network Toul Kork Campus Footprints International School Library Network Toul Kork Campus Librarian's Shelf TK 08/27/2025   BLA 796.72 GV1029.S74 B57 2025-4282 08/27/2025 1 08/27/2025 Books  
    Dewey Decimal Classification     Non-Fiction Footprints International School Library Network Toul Tom Poung Campus Footprints International School Library Network Toul Tom Poung Campus TTP Secondary Non-Fiction Bookshelves 09/05/2025 1 BLA 796.72 GV1029.S74 B57 2025-4387 11/10/2025 2 09/05/2025 Books 10/31/2025
    Dewey Decimal Classification     Non-Fiction Footprints International School Library Network Toul Tom Poung Campus Footprints International School Library Network Toul Tom Poung Campus TTP Secondary Non-Fiction Bookshelves 11/14/2025   BLA 796.72 GV1029.S74 B57 2025-4799 11/14/2025 3 11/14/2025 Books  
    Dewey Decimal Classification     Non-Fiction Footprints International School Library Network Toul Tom Poung Campus Footprints International School Library Network Toul Tom Poung Campus Librarian's Shelf TTP 03/27/2026   BLA 796.72 GV1029.S74 B57 2026-0398 03/27/2026 4 03/27/2026 Books